Papanivedane (Record no. 120631)

MARC details
000 -LEADER
fixed length control field 00865nam a2200229Ia 4500
003 - CONTROL NUMBER IDENTIFIER
control field OSt
005 - DATE AND TIME OF LATEST TRANSACTION
control field 20251111111221.0
008 - FIXED-LENGTH DATA ELEMENTS--GENERAL INFORMATION
fixed length control field 210210b2016 xxu||||| |||| 00| 0 eng d
040 ## - CATALOGING SOURCE
Transcribing agency AL
041 ## - LANGUAGE CODE
Language code of text/sound track or separate title Kannada
082 ## - DEWEY DECIMAL CLASSIFICATION NUMBER
Classification number K894.4 PERP
100 ## - MAIN ENTRY--PERSONAL NAME
Personal name PERKINS (Jane)
Dates associated with a name ಪರ್ಕಿನ್ಸ್ (ಜೇನ್​)
9 (RLIN) 244966
245 ## - TITLE STATEMENT
Title Papanivedane
Remainder of title ಪಾಪ ನಿವೇದನೆ
260 ## - PUBLICATION, DISTRIBUTION, ETC.
Place of publication, distribution, etc. Bengaluru
Name of publisher, distributor, etc. Not Mentioned
Date of publication, distribution, etc. 2016
300 ## - PHYSICAL DESCRIPTION
Extent 244
650 ## - SUBJECT ADDED ENTRY--TOPICAL TERM
Topical term or geographic name entry element ಪರ್ಕಿನ್ಸ್ ಜೇನ್​ "ಕನ್ಫೆಷನ್ಸ್ ಆಫ್ ಆನ್ ಎಕನಾಮಿಕ್ ಹಿಟ್ ಮ್ಯಾನ್"
9 (RLIN) 244974
650 ## - SUBJECT ADDED ENTRY--TOPICAL TERM
Topical term or geographic name entry element Confessions of an Economic Hit Man
9 (RLIN) 244975
690 ## - LOCAL SUBJECT ADDED ENTRY--TOPICAL TERM (OCLC, RLIN)
Topical term or geographic name as entry element Kannada Prose
9 (RLIN) 244972
700 ## - ADDED ENTRY--PERSONAL NAME
Personal name Banjagere Jayaprakasha
Dates associated with a name ಬಂಜಗೆರೆ ಜಯಪ್ರಕಾಶ್
9 (RLIN) 244973
906 ## - LOCAL DATA ELEMENT F, LDF (RLIN)
a 071292
942 ## - ADDED ENTRY ELEMENTS (KOHA)
Source of classification or shelving scheme Dewey Decimal Classification
Koha item type Book
Holdings
Withdrawn status Lost status Source of classification or shelving scheme Damaged status Not for loan Collection code Home library Current library Shelving location Date acquired Source of acquisition Cost, normal purchase price Total Checkouts Full call number Barcode Date last seen Price effective from Koha item type
    Dewey Decimal Classification     Kannada St Aloysius Library St Aloysius Library   02/17/2021 Navakarnataka Publication Pvt Ltd Mangalore 180.00   K894.4 PERP 071292 02/17/2021 02/17/2021 Book